000 00473nam a2200181Ia 4500
005 20250326130026.0
008 250326s9999 xx 000 0 und d
037 _aTextbook
040 _aFMSL
_beng
_cFMSL
041 _aeng
_2eng
084 _aB28 N9
_qFMSL
100 _aWalker H M
_9740041
245 0 _aElementary statistical methods
_cWalker H M
260 _aNY
_bNY, Holt
_c1969
300 _a432p
942 _cTB
_hB28 N9
999 _c1280610
_d1280610